000 00642nam a2200265Ia 4500
005 20260121161448.0
008 008 260114s9999 xx 000 0 eng d
020 _a9780429027819
037 _aEBOOK
040 _aCRL
040 _beng
040 _cCRL
041 _2eng
041 _aeng
084 _qCRL
100 _aNanomaterials and Neoplasms
_91045184
245 0 _aValerio Voliani
260 _bTaylor and Francis
260 _c2021
650 _aBiomedical Engineering
_91045185
856 _uhttp://www.taylorfrancis.com/books/9780429027819
942 _cEBOOK
999 _c1611000
_d1611000